000 00393 a2200169 4500
001 175504
020 _a85-7319-339-5
040 _cMagnum
100 _aPedersoli, José Luiz
240 1 0 _aCiências naturais no dia-a-dia 5
_lpor
245 1 0 _aCiências naturais no dia-a-dia 5
300 _a222
362 0 _a2000
440 1 _aDimensão
697 _aCIÊNCIAS NATURAIS
942 _cBK
999 _c175504
_d175504